00287nam a2200109 a 4500001000500000005001700005008004100022050002100063100002100084245003300105650003900138414020140414131852.0090218s19uu xx 00 eng d aTR 611bSw5 2004 aSwift, Christine aMy first book of human body. aHuman anatomyxJuvenile literature